Archer's Pokemon - Statistics

General Stats
  • This quiz has been taken 3 times
  • The average score is 8 of 15
Answer Stats
He uses it in Answer % Correct
Johto Koffing
100%
Stadium 2 Persian
100%
Johto Weezing
100%
Kanto Golbat
67%
Johto Houndoom
67%
Johto Houndour
67%
Kanto Electrode
33%
Stadium 2 Hypno
33%
Kanto Magmar
33%
Stadium 2 Misdreavus
33%
Stadium 2 Octillery
33%
Stadium 2 Parasect
33%
Stadium 2 Tyranitar
33%
Stadium 2 Victreebel
33%
Stadium 2 Wobbuffet
33%
No matching quizzes found
Score Distribution
Percent of People with Each Score
Percentile by Number Answered
Your Score History
You have not taken this quiz